000 01065cam a2200325 i 4500
001 17808427
003 NUST
005 20240202161412.0
008 130711t20132013ctua 001 0 eng
010 _a 2013024200
020 _a9780300186857 (hbk. : alk. paper)
020 _a0300186851 (hbk. : alk. paper)
038 _aAZHAR
040 _aDLC
_beng
_cDLC
_erda
_dDLC
042 _apcc
050 0 0 _aPN511
_b.S746 2013
082 0 0 _a809
_223
_bSUT
100 1 _aSutherland, John,
_d1938-
_998639
245 1 2 _aA little history of literature /
_cJohn Sutherland.
260 _aNew Haven ;
_bYale University Press,
_c2013.
300 _avii, 275 pages :
_billustrations ;
_c23 cm
336 _atext
_2rdacontent
337 _aunmediated
_2rdamedia
338 _avolume
_2rdacarrier
500 _aIncludes index.
650 0 _aLiterature
_xHistory and criticism.
_914579
906 _a7
_bcbc
_corignew
_d1
_eecip
_f20
_gy-gencatlg
942 _2ddc
_cBK
999 _c607642
_d607642